00717cam a22002417a 4500003000500000005001700005008004100022010000900063011000900072035000900081040000900090082001700099100002500116245010900141260005600250300001100306490002200317500001100339500003900350650002700389650003700416830002200453CHAP20220817041058.0971013s1990 r 00010 d a5960 a6932 a6155 cCHAP a080bL6 v.4600aSanderson, Steven E.13aLa transformación de la agricultura mexicanab: estructura internacional y política del cambio rural aMéxico, D.F. :bAlianza Editorial Mexicana,c1990 a290 p. 4aLos noventav; 46 a60-102 aSe clasif. tambien en: 630.972/S3514aAgriculturazMéxico.14aPolítica agrícolazMéxico. 4aLos noventav; 46